| 000 | 00313nam a22001097a 4500 | ||
|---|---|---|---|
| 008 | 160428b xxu||||| |||| 00| 0 eng d | ||
| 020 | _a 0323024084 | ||
| 041 | _aeng | ||
| 080 | _a615:618.2 | ||
| 245 | 1 | 0 |
_aPharmacology and the nursing process: _cLinda Lane Lilley; Scott Harrington; Julie S. Synder; |
| 942 |
_2udc _cBK |
||
| 999 |
_c1644 _d1644 |
||